| 000 | 00945nab a2200217 i 4500 | ||
|---|---|---|---|
| 001 | BPP | ||
| 003 | BPK | ||
| 005 | 20160412093110.0 | ||
| 008 | 160105s1997 pl | | |000 ||pol | ||
| 040 | _cBPK | ||
| 080 | _a632 | ||
| 100 |
_aSAS-PIOTROWSKA, Bronisława. _d1996 - . _bPolitechnika Koszalińska - Wydział Mechaniczny, _cKatedra Biologicznych Podstaw Rolnictwa |
||
| 245 |
_aWzrost patogenów ziemniaka na podłożach z dodatkiem wyciągów z roślin z rodziny Rdestowate (polygonaceae) / _cBronisława Sas-Piotrowska, Wojciech Piotrowski. |
||
| 260 | _c1997. | ||
| 500 | _aDane z bibliografii załącznikowej. | ||
| 650 | 0 | _aRośliny - ochrona. | |
| 650 | 0 | _aZiemniaki - choroby. | |
| 700 |
_aPIOTROWSKI, Wojciech. _d1996 - . _bPolitechnika Koszalińska - Wydział Mechaniczny, _cKatedra Biologicznych Podstaw Rolnictwa |
||
| 773 |
_iW : _tBiuletyn Instytutu Ziemniaka. - _g1997, T.48/II, s. 91-99 |
||
| 942 |
_cART _2UKD |
||
| 999 |
_c946 _d946 |
||